| 000 | 00928nam a22003250a 4500 | ||
|---|---|---|---|
| 001 | PT4257 | ||
| 003 | AR-LpoUNG | ||
| 005 | 20210131231734.0 | ||
| 008 | 191001s1996||||xxu|||||||||||||||||eng d | ||
| 020 |
_a0198600607 _c$19.85 |
||
| 040 |
_aAR-LpoUNG _bspa _cAR-LpoUNG _eaacr |
||
| 041 | _aeng | ||
| 044 | _axxu | ||
| 082 | 0 | _aR032 968 | |
| 100 | 1 | _aMunro, David | |
| 245 | 1 | 4 | _aThe Oxford dictionary of the world |
| 250 | _a1º edición, 1§ reimpresión | ||
| 260 |
_aNew York : _bOxford University, _c1996. |
||
| 300 |
_a686 p. : _bmapas |
||
| 520 | _aEste material ofrece amplia información sobre lugares, países y culturas del mundo. | ||
| 650 | 4 | _aCULTURA | |
| 650 | 4 | _aFUENTES DE INFORMACION | |
| 650 | 4 | _aGEOGRAFIA | |
| 650 | 4 | _aGEOGRAFIA HUMANA | |
| 650 | 4 | _aMATERIAL DE REFERENCIA | |
| 650 | 4 | _aTERMINOLOGIA | |
| 651 | 4 | _aDOCUMENTOS TEORICOS O METODOLOGICOS | |
| 905 | _a4257 | ||
| 942 | _cLSALA | ||
| 999 |
_c11672 _d11672 |
||